000 00939nam a2200289 i 4500
001 63884
003 ES-MaACL
005 20250819051802.0
007 t|
008 031217s1976 sp ||||1| spa d
020 _a84-375-0099-0
080 _a3(04)
245 0 3 _aLa filosofía de la explicación social /
_crecopilación de Alan Ryan ; [traducción de Celia Haydee Paschero].
250 _a1ª ed.
260 _aMadrid :
_bFondo de Cultura Económica,
_c1976.
300 _a353 p. ;
_c17 cm.
490 1 _aBreviarios del Fondo de Cultura Económica ;
_v261
500 _aÍndices.
504 _aBibliografía: p. 345-348.
650 4 _aCiencias sociales-
_xFilosofía
_910993
700 1 _aRyan, Alan.
_9101094
700 1 _aHaydee Paschero, Celia.
_962188
830 1 _aBreviarios del Fondo de Cultura Económica ;
_v261
_9179682
852 4 _aES-MaACL
_jA-6865
852 4 _aES-MaACL
_jL-8392
999 _c63884
_d63884